The lamb-a-roo / (Record no. 3833)

MARC details
000 -LEADER
fixed length control field 01344cam a2200385 a 4500
001 - CONTROL NUMBER
control field 3833
003 - CONTROL NUMBER IDENTIFIER
control field FISKH
005 - DATE AND TIME OF LATEST TRANSACTION
control field 20240515155246.0
008 - FIXED-LENGTH DATA ELEMENTS--GENERAL INFORMATION
fixed length control field 051207s2006 ohua b 000 1 eng
010 ## - LIBRARY OF CONGRESS CONTROL NUMBER
LC control number 2005055076
020 ## - INTERNATIONAL STANDARD BOOK NUMBER
International Standard Book Number 0769646190 (hardcover : alk. paper)
040 ## - CATALOGING SOURCE
Original cataloging agency DLC
Transcribing agency DLC
Modifying agency DLC
Language of cataloging eng
042 ## - AUTHENTICATION CODE
Authentication code lcac
050 00 - LIBRARY OF CONGRESS CALL NUMBER
Classification number PZ7.K56494
Item number Lam 2006
082 00 - DEWEY DECIMAL CLASSIFICATION NUMBER
Classification number [E]
Edition number 22
100 1# - MAIN ENTRY--PERSONAL NAME
Personal name Kimpton, Diana.
245 14 - TITLE STATEMENT
Title The lamb-a-roo /
Statement of responsibility, etc. by Diana Kimpton ; illustrated by Rosalind Beardshaw.
250 ## - EDITION STATEMENT
Edition statement This edition published by Parragon 2012
260 ## - PUBLICATION, DISTRIBUTION, ETC.
Place of publication, distribution, etc. London :
Name of publisher, distributor, etc. Parragon,
Date of publication, distribution, etc. 2010.
300 ## - PHYSICAL DESCRIPTION
Extent 28 unnumbered pages :
Other physical details color illustrations ;
Dimensions 30 cm
505 ## - FORMATTED CONTENTS NOTE
Formatted contents note H<br/>
520 ## - SUMMARY, ETC.
Summary, etc. When motherless Lamb and childless Kangaroo find and adopt each other, they come to realize that their awkward differences are not nearly as important as their love for each other.
521 8# - TARGET AUDIENCE NOTE
Target audience note 500 <br/>
Source Lexile estimate <br/>
521 8# - TARGET AUDIENCE NOTE
Target audience note H <br/>
Source Raz-Plus <br/><br/>
650 #1 - SUBJECT ADDED ENTRY--TOPICAL TERM
Topical term or geographic name entry element Sheep
Form subdivision Fiction.
650 #1 - SUBJECT ADDED ENTRY--TOPICAL TERM
Topical term or geographic name entry element Kangaroos
Form subdivision Fiction.
650 #1 - SUBJECT ADDED ENTRY--TOPICAL TERM
Topical term or geographic name entry element Animals
General subdivision Infancy
Form subdivision Fiction.
650 #1 - SUBJECT ADDED ENTRY--TOPICAL TERM
Topical term or geographic name entry element Adoption
Form subdivision Fiction.
650 #1 - SUBJECT ADDED ENTRY--TOPICAL TERM
Topical term or geographic name entry element Individuality
Form subdivision Fiction.
650 #1 - SUBJECT ADDED ENTRY--TOPICAL TERM
Topical term or geographic name entry element Mother and child
Form subdivision Fiction.
700 1# - ADDED ENTRY--PERSONAL NAME
Personal name Beardshaw, Rosalind,
Relator term illustrator
906 ## - LOCAL DATA ELEMENT F, LDF (RLIN)
a 7
b cbc
c orignew
d 1
e ocip
f 20
g y-gencatlg
942 ## - ADDED ENTRY ELEMENTS (KOHA)
Source of classification or shelving scheme Dewey Decimal Classification
Koha item type Books
Suppress in OPAC No
Holdings
Withdrawn status Lost status Source of classification or shelving scheme Damaged status Not for loan Collection Home library Current library Shelving location Date acquired Total Checkouts Full call number Barcode Date last seen Date last checked out Price effective from Koha item type
    Dewey Decimal Classification     Juvenile Fiction Footprints International School Library Network Toul Kork Campus Footprints International School Library Network Toul Kork Campus TK Primary Library Room(4th Floor), Bookcase 1&2, Shelves 1-16, Dark Blue Books 05/15/2024 2 KIM 823.914 PZ7.K56494 2024-0617 12/18/2024 12/11/2024 05/15/2024 Books